[Event "17PCR_ZK03"]
[Site "?"]
[Date "2007.??.??"]
[Round "?"]
[White "Pavlicek, Miroslav"]
[Black "Cvak, Rudolf"]
[Result "0-1"]
[WhiteElo "1964"]
[BlackElo "2247"]
[PlyCount "78"]
[EventDate "2007.??.??"]
[EventType "corr"]
[EventRounds "2"]
[SourceDate "2007.06.28"]

1. b4 e5 2. Bb2 Bxb4 3. Bxe5 Nf6 4. Nf3 d5 5. e3 O-O 6. c4 Nc6 7. Bb2 Bf5 8.
cxd5 Nxd5 9. Be2 Be7 10. Nc3 Ndb4 11. O-O Nd3 12. Qb3 Ncb4 13. Ba3 a5 14. Nd4
Bg6 15. Bxb4 axb4 16. Ncb5 Nc5 17. Qxb4 Ra4 18. Qb2 Bf6 19. Rac1 b6 20. Rc3 Be4
21. Ra3 c6 22. Nc3 Bxd4 23. exd4 Rxd4 24. Nxe4 Nxe4 25. d3 Nc5 26. Rc1 Re8 27.
h3 h6 28. Rc4 Rd6 29. Rg4 Ne6 30. Bf3 Nd4 31. Rf4 c5 32. Rxd4 Rxd4 33. Ra8 Qe7
34. Rxe8+ Qxe8 35. Qxb6 Qe1+ 36. Kh2 Qe5+ 37. Kg1 Rxd3 38. Qa5 g6 39. g3 Qd4
0-1

[Event "17PCR_ZK03"]
[Site "?"]
[Date "2007.??.??"]
[Round "?"]
[White "Goc, Pavel"]
[Black "Cvak, Rudolf"]
[Result "1/2-1/2"]
[WhiteElo "2145"]
[BlackElo "2247"]
[PlyCount "86"]
[EventDate "2007.??.??"]
[EventType "corr"]
[EventRounds "2"]
[SourceDate "2007.06.28"]

1. e4 c5 2. Nf3 d6 3. d4 cxd4 4. Nxd4 Nf6 5. Nc3 Nc6 6. Bg5 Bd7 7. Qd2 Rc8 8.
O-O-O Nxd4 9. Qxd4 Qa5 10. f4 Rxc3 11. bxc3 e5 12. Qb4 Qxb4 13. cxb4 Nxe4 14.
Bh4 Nc3 15. Rd3 Nxa2+ 16. Kb2 Nxb4 17. Rb3 a5 18. c3 Nc6 19. Rxb7 f6 20. Bb5
Kd8 21. fxe5 Kc8 22. Rxd7 Kxd7 23. exf6 gxf6 24. Ra1 Rg8 25. g3 Kc7 26. Bxf6
Be7 27. Bxe7 Nxe7 28. Bd3 Rg5 29. Bxh7 Rh5 30. Bc2 Rxh2 31. Rxa5 d5 32. g4 Kb6
33. Ra4 Nc6 34. Kb1 Rh1+ 35. Kb2 Rh2 36. Kc1 Rh1+ 37. Bd1 Ne5 38. Rd4 Kc5 39.
Kc2 Rh2+ 40. Kc1 Rh3 41. Kc2 Nc4 42. Kb3 Na5+ 43. Kc2 Nc4 1/2-1/2

[Event "17PCR_ZK03"]
[Site "?"]
[Date "2007.??.??"]
[Round "?"]
[White "Pavlicek, Miroslav"]
[Black "Goc, Pavel"]
[Result "1-0"]
[WhiteElo "1964"]
[BlackElo "2145"]
[PlyCount "93"]
[EventDate "2007.??.??"]
[EventType "corr"]
[EventRounds "2"]
[SourceDate "2007.06.28"]

1. b4 e5 2. Bb2 Bxb4 3. Bxe5 Nf6 4. Nf3 d5 5. e3 Bd6 6. Bb2 c5 7. c4 O-O 8.
cxd5 Nxd5 9. Be2 Be6 10. O-O Nc6 11. d3 Re8 12. Nbd2 b5 13. Ne4 Bf5 14. a4 b4
15. Nxd6 Qxd6 16. Rc1 Rac8 17. d4 cxd4 18. Nxd4 Nxd4 19. Qxd4 Qf6 20. Rxc8 Bxc8
21. Bb5 Rf8 22. Rd1 a5 23. Qxf6 Nxf6 24. f3 Be6 25. e4 h6 26. Kf2 Rc8 27. Ke3
Rc2 28. Rd2 Rxd2 29. Kxd2 Nd7 30. Bd4 f5 31. exf5 Bxf5 32. Bc4+ Kf8 33. g4 Bg6
34. Bb5 Be8 35. f4 Nf6 36. h3 Bxb5 37. axb5 Ne4+ 38. Kd3 Nd6 39. Bc5 Ke7 40. f5
Kd7 41. Bxd6 Kxd6 42. Kc4 Kc7 43. h4 Kd6 44. g5 hxg5 45. hxg5 Kd7 46. f6 gxf6
47. gxf6 1-0

[Event "17PCR_ZK03"]
[Site "?"]
[Date "2007.??.??"]
[Round "?"]
[White "Mudra, Oldrich"]
[Black "Vyvial, Vaclav"]
[Result "1-0"]
[WhiteElo "2116"]
[BlackElo "1767"]
[PlyCount "71"]
[EventDate "2007.??.??"]
[EventType "corr"]
[EventRounds "2"]
[SourceDate "2007.06.28"]

1. Nf3 Nf6 2. g3 c5 3. Bg2 d5 4. O-O g6 5. d4 cxd4 6. Nxd4 Bg7 7. c4 O-O 8.
cxd5 Nxd5 9. Nc3 Nxc3 10. bxc3 Qc7 11. Qb3 Nc6 12. Rd1 Rd8 13. Bf4 e5 14. Nb5
Qe7 15. Rxd8+ Nxd8 16. Bc1 Be6 17. Qd1 Qc5 18. a4 a6 19. Be3 Qc8 20. Nd6 Qxc3
21. Nxb7 Bb3 22. Qb1 Bc4 23. Qc1 Qxc1+ 24. Rxc1 Bxe2 25. Re1 Bg4 26. Nc5 Rb8
27. Nxa6 Rb2 28. h3 Bf5 29. Nc5 Ne6 30. Nxe6 Bxe6 31. Ra1 e4 32. a5 Rxf2 33.
Rd1 Rc2 34. Bxe4 Rc3 35. Rd8+ Bf8 36. Bh6 1-0

[Event "17PCR_ZK03"]
[Site "?"]
[Date "2007.??.??"]
[Round "?"]
[White "Vyvial, Vaclav"]
[Black "Mudra, Oldrich"]
[Result "0-1"]
[WhiteElo "1767"]
[BlackElo "2116"]
[PlyCount "65"]
[EventDate "2007.??.??"]
[EventType "corr"]
[EventRounds "2"]
[SourceDate "2007.06.28"]

1. c4 e6 2. Nc3 Nf6 3. d4 d5 4. Bg5 Be7 5. e3 O-O 6. Nf3 Nbd7 7. Bd3 dxc4 8.
Bxc4 c5 9. O-O a6 10. Qc2 b5 11. Bd3 Bb7 12. Bxf6 Nxf6 13. dxc5 Bxf3 14. gxf3
Bxc5 15. a4 b4 16. Ne4 Nxe4 17. Bxe4 Rc8 18. Qe2 a5 19. f4 Qh4 20. Rfd1 g5 21.
Qf3 gxf4 22. Qxf4 Qxf4 23. exf4 Be7 24. f5 Rc4 25. f3 exf5 26. Bxf5 Bf6 27. Rd2
b3 28. Be4 Rfc8 29. Kf2 Kf8 30. h3 h6 31. Re2 R8c5 32. Rd1 Rxa4 33. Rd7 0-1

[Event "17PCR_ZK03"]
[Site "?"]
[Date "2007.??.??"]
[Round "?"]
[White "Goc, Pavel"]
[Black "Mudra, Oldrich"]
[Result "1/2-1/2"]
[WhiteElo "2145"]
[BlackElo "2116"]
[PlyCount "80"]
[EventDate "2007.??.??"]
[EventType "corr"]
[EventRounds "2"]
[SourceDate "2007.06.28"]

1. e4 c6 2. d4 d5 3. Nc3 dxe4 4. Nxe4 Nd7 5. Nf3 Ngf6 6. Ng3 e6 7. Bd3 c5 8.
O-O cxd4 9. Nxd4 Be7 10. Qe2 O-O 11. c3 Qc7 12. Bg5 h6 13. Be3 a6 14. a4 b6 15.
Rfd1 Bb7 16. Nh5 Bd6 17. h3 Nxh5 18. Qxh5 Bh2+ 19. Kh1 Bf4 20. Nf5 Bxe3 21.
Nxe3 Nf6 22. Qh4 Rfd8 23. Ng4 Nxg4 24. Qxg4 Rd5 25. Qc4 Qxc4 26. Bxc4 Rdd8 27.
Kh2 Kf8 28. Kg3 g5 29. Be2 Ke7 30. Bf3 Bxf3 31. Kxf3 f5 32. Rxd8 Rxd8 33. a5 b5
34. Ke2 Rc8 35. Rd1 Rc4 36. Ke3 Re4+ 37. Kd3 Ra4 38. b4 Ra2 39. Rf1 Kd6 40. g4
f4 1/2-1/2

[Event "17PCR_ZK03"]
[Site "?"]
[Date "2007.??.??"]
[Round "?"]
[White "Masek, Frantisek"]
[Black "Zachoval, Milan"]
[Result "1-0"]
[WhiteElo "1864"]
[BlackElo "1600"]
[PlyCount "67"]
[EventDate "2007.??.??"]
[EventType "corr"]
[EventRounds "2"]
[SourceDate "2007.06.28"]

1. e4 c5 2. Nc3 Nc6 3. g3 g6 4. Bg2 Bg7 5. d3 d6 6. f4 e6 7. Nf3 Nge7 8. O-O
O-O 9. Rb1 Rb8 10. a4 Nd4 11. Be3 Nec6 12. Re1 Nxf3+ 13. Qxf3 Nd4 14. Qf2 a5
15. Nd1 Bd7 16. b3 b6 17. Bxd4 Bxd4 18. Ne3 Qc7 19. Qd2 Bc6 20. c3 Bxe3+ 21.
Qxe3 Rfe8 22. Red1 Rbd8 23. d4 Ba8 24. Rd3 f5 25. dxc5 dxc5 26. Rxd8 Rxd8 27.
exf5 exf5 28. Qe6+ Kh8 29. Qf6+ Kg8 30. Re1 Bxg2 31. Re7 Rd1+ 32. Kxg2 Rd2+ 33.
Kh3 Qd6 34. Qg7# 1-0

[Event "17PCR_ZK03"]
[Site "?"]
[Date "2007.??.??"]
[Round "?"]
[White "Mudra, Oldrich"]
[Black "Masek, Frantisek"]
[Result "1-0"]
[WhiteElo "2116"]
[BlackElo "1864"]
[PlyCount "77"]
[EventDate "2007.??.??"]
[EventType "corr"]
[EventRounds "2"]
[SourceDate "2007.06.28"]

1. Nf3 Nf6 2. g3 c5 3. Bg2 d5 4. O-O g6 5. d4 cxd4 6. Nxd4 Bg7 7. Nc3 e5 8. Nb3
d4 9. Na4 Nc6 10. c3 O-O 11. cxd4 Nxd4 12. Be3 Nc6 13. Qxd8 Rxd8 14. Rad1 Bg4
15. Nc3 Rxd1 16. Rxd1 Rc8 17. h3 Bf5 18. Nb5 Ne8 19. Nxa7 Nxa7 20. Bxa7 b5 21.
Bb7 Bc2 22. Rd7 Rc7 23. Rd8 f5 24. Bd5+ Kf8 25. Bc5+ Rxc5 26. Nxc5 Bf6 27. Rd7
Be7 28. Ne6+ Kf7 29. Ng5+ Kf8 30. Nxh7+ Kg7 31. Rxe7+ Kh6 32. f4 Ng7 33. Ng5
exf4 34. gxf4 b4 35. Bg8 Ba4 36. Ne6 g5 37. fxg5+ Kh5 38. Rxg7 Kh4 39. Kh2 1-0

[Event "17PCR_ZK03"]
[Site "?"]
[Date "2007.??.??"]
[Round "?"]
[White "Goc, Pavel"]
[Black "Pavlicek, Miroslav"]
[Result "0-1"]
[WhiteElo "2145"]
[BlackElo "1964"]
[PlyCount "124"]
[EventDate "2007.??.??"]
[EventType "corr"]
[EventRounds "2"]
[SourceDate "2007.06.28"]

1. e4 c5 2. Nf3 d6 3. d4 cxd4 4. Nxd4 Nf6 5. Nc3 a6 6. Bg5 e6 7. f4 Qb6 8. Nb3
Nbd7 9. Be2 Be7 10. Qd2 Qc7 11. O-O-O h6 12. Bxf6 Nxf6 13. Bf3 Bd7 14. Kb1
O-O-O 15. Rhe1 Kb8 16. Re3 g5 17. g3 gxf4 18. gxf4 Rhg8 19. Rd3 Rc8 20. Bh1 h5
21. h3 h4 22. e5 dxe5 23. fxe5 Qxe5 24. Rxd7 Nxd7 25. Qxd7 Rc7 26. Qd3 Bf6 27.
Nd2 Rd8 28. Qf3 Rcd7 29. Rf1 Bh8 30. Nb3 f5 31. Nc1 Qd6 32. Rd1 Qg3 33. Rxd7
Rxd7 34. Qh5 Bxc3 35. bxc3 Rd6 36. Qf3 Qxf3 37. Bxf3 e5 38. Bh5 e4 39. Ne2 Rd1+
40. Kb2 Rf1 41. Bg6 e3 42. Nd4 f4 43. Bh5 Rh1 44. Ne6 Rxh3 45. Nxf4 Rg3 46. Ne2
Rg5 47. Bf3 h3 48. c4 Rf5 49. Bg4 h2 50. Bxf5 h1=Q 51. Bd3 Qe1 52. a3 Kc7 53.
Nd4 Kb6 54. Ne2 Kc5 55. Nc3 Kd4 56. Ne2+ Ke5 57. Nc3 Kf4 58. Ne2+ Kf3 59. Nc3
Qh4 60. Ne2 Qd8 61. Kb3 Qxd3+ 62. cxd3 Kxe2 0-1

[Event "17PCR_ZK03"]
[Site "?"]
[Date "2007.??.??"]
[Round "?"]
[White "Pavlicek, Miroslav"]
[Black "Masek, Frantisek"]
[Result "1-0"]
[WhiteElo "1964"]
[BlackElo "1864"]
[PlyCount "97"]
[EventDate "2007.??.??"]
[EventType "corr"]
[EventRounds "2"]
[SourceDate "2007.06.28"]

1. b4 e5 2. Bb2 Bxb4 3. Bxe5 Nf6 4. Nf3 O-O 5. e3 Re8 6. c3 Nc6 7. cxb4 Nxe5 8.
Nxe5 Rxe5 9. d4 Re8 10. Nc3 a5 11. b5 d5 12. Bd3 Bd7 13. O-O Qe7 14. Qf3 Qd6
15. Qg3 Qxg3 16. hxg3 Re7 17. Rfc1 Rc8 18. Na4 Bg4 19. Rc2 Ne8 20. Rac1 h6 21.
Rc5 Ra8 22. Rxd5 b6 23. Re5 Rxe5 24. dxe5 Kf8 25. Bc4 Rd8 26. Nc3 Rd2 27. e4
Ke7 28. Nd5+ Kd7 29. a4 Be6 30. Nf4 Bxc4 31. Rxc4 f6 32. exf6 gxf6 33. f3 Ra2
34. Nd5 Kd6 35. Kh2 Ra1 36. f4 Kd7 37. g4 Ra3 38. Rd4 Ke6 39. e5 fxe5 40. Re4
Kxd5 41. Rxe5+ Kc4 42. Rxe8 Rxa4 43. Re4+ Kxb5 44. Rxa4 Kxa4 45. f5 Kb3 46. f6
a4 47. f7 a3 48. f8=Q a2 49. Qf6 1-0

[Event "17PCR_ZK03"]
[Site "?"]
[Date "2007.??.??"]
[Round "?"]
[White "Masek, Frantisek"]
[Black "Mudra, Oldrich"]
[Result "0-1"]
[WhiteElo "1864"]
[BlackElo "2116"]
[PlyCount "92"]
[EventDate "2007.??.??"]
[EventType "corr"]
[EventRounds "2"]
[SourceDate "2007.06.28"]

1. c4 e6 2. Nc3 d5 3. e3 Nf6 4. d4 c6 5. Bd3 Nbd7 6. Nge2 Bd6 7. Bd2 dxc4 8.
Bxc4 O-O 9. O-O e5 10. Rc1 Nb6 11. Bb3 exd4 12. Nxd4 Be5 13. Nce2 Qd6 14. h3
Ne4 15. Bc2 Qg6 16. Bb4 Re8 17. g4 Nd5 18. Nc3 Ndxc3 19. bxc3 Qh6 20. Kg2 Bc7
21. a4 c5 22. Bxe4 Rxe4 23. Bxc5 Rxg4+ 24. hxg4 Qh2+ 25. Kf3 Bxg4+ 26. Ke4 Qe5+
27. Kd3 Bxd1 28. Rfxd1 Qxc5 29. Rb1 Ba5 30. Rb3 Rc8 31. Rdb1 Bxc3 32. Rc1 Qc4+
33. Ke4 Re8+ 34. Kf4 Qd5 35. Rbxc3 Qg2 36. Rc8 g5+ 37. Kf5 Qxf2+ 38. Kg4 Qg2+
39. Kf5 Qe4+ 40. Kxg5 Qxe3+ 41. Kh5 Qe5+ 42. Kh6 f6 43. Rg1+ Kh8 44. Rxe8+ Qxe8
45. Nf5 Qe2 46. Nh4 Qe3+ 0-1

[Event "17PCR_ZK03"]
[Site "?"]
[Date "2007.??.??"]
[Round "?"]
[White "Mudra, Oldrich"]
[Black "Goc, Pavel"]
[Result "1-0"]
[WhiteElo "2116"]
[BlackElo "2145"]
[PlyCount "63"]
[EventDate "2007.??.??"]
[EventType "corr"]
[EventRounds "2"]
[SourceDate "2007.06.28"]

1. Nf3 d5 2. d4 c6 3. c4 e6 4. e3 Nf6 5. Nc3 Nbd7 6. Qc2 Bd6 7. Be2 O-O 8. O-O
Re8 9. b3 dxc4 10. Bxc4 Nb6 11. Bd3 Nbd5 12. a3 Nxc3 13. Qxc3 Nd5 14. Qc2 h6
15. Re1 e5 16. Nxe5 Bxe5 17. dxe5 Rxe5 18. e4 Nc7 19. Bb2 Rh5 20. Be2 Rg5 21.
Rad1 Qe7 22. f4 Rg6 23. f5 Rd6 24. Rxd6 Qxd6 25. Bc4 b5 26. Bd3 b4 27. e5 Qe7
28. Qxc6 Rb8 29. e6 fxe6 30. Be5 Rb7 31. fxe6 Qe8 32. Qe4 1-0